Paroles (Difficile) "Billie Jean" de Michael Jackson - Statistiques

Statistiques générales
  • Ce quiz a été pris 642 fois
  • Le résultat moyen est 330 sur 467
Statistiques - réponses
Paroles % Correct
a
99%
I
98%
She
96%
she
96%
the
96%
The
96%
Billie
95%
Jean,
95%
Jean
95%
on
93%
my
92%
no
90%
is
89%
one
89%
one,
89%
am
88%
love
87%
not
87%
girl
85%
be
84%
So
84%
but
83%
But
83%
just
81%
Just
81%
to
80%
he
79%
you
79%
You
79%
me
78%
son
78%
Who
78%
who
78%
do
76%
Do
76%
kid
75%
lover
75%
in
74%
floor
71%
told
71%
dance
70%
like
70%
what
70%
was
68%
scene
67%
And
65%
and
65%
queen
65%
that
65%
said
64%
She's
64%
she's
64%
don't
62%
careful
61%
round?
61%
round
61%
round,
61%
more
60%
beauty
59%
her
59%
Her
59%
movie
59%
says
59%
always
58%
go
56%
Then
56%
then
56%
People
55%
name
53%
from
52%
of
52%
around
51%
heart
50%
will
50%
mean,
47%
as
46%
'cause
46%
'Cause
46%
young
46%
girls'
45%
think
42%
breaking
41%
claims
41%
baby
40%
eyes
40%
mother
40%
we
40%
For
37%
hearts
37%
lie
36%
truth
36%
mind,
35%
mine
34%
twice
32%
twice,
32%
at
31%
when
31%
caused
30%
with
30%
becomes
27%
remember
27%
side
27%
days
26%
nights
26%
were
26%
being
25%
photo
25%
every
24%
his
24%
can
23%
oh,
23%
looked
22%
forty
20%
head
20%
three,
20%
danced
19%
know
19%
showed
19%
This
19%
turned
19%
advice,
18%
dreamed
17%
strong
17%
take
17%
by
16%
'til
16%
perfume
15%
too
15%
plans
14%
room
14%
stand
14%
demand
13%
law
13%
right
13%
schemes
13%
did,
12%
smell
12%
sweet
12%
came
11%
babe
10%
called
10%
soon
10%
cried
9%
much
8%
stood
8%
happened
7%
we'd
7%
Aucun quiz correspondant
Distribution des résultats
% des personnes avec chaque résultat
Percentile par nombre de réponses
Votre historique - résultats
Vous n’avez pas pris ce quiz